00711cam a22001934a 4500020002200000040000800022082002600030100001800056245004400074246004500118260004000163300007000203650002000273650001800293700002000311856006000331856006700391856005900458 a0764524453 (pbk.) cDLC00a778 WIL 2003 A088 Or. aKennedy, Pete10a50 fast Adobe Premiere 6.5 techniques /3 aFifty fast Adobe Premiere 6.5 techniques aNew York, NY :bWiley Pub.,cc2003. axxv, 323 p. :bill. (some col.) ;c23 cm. +e1 CD-ROM (4 3/4 in.) 0aMotion pictures 0aDigital video1 aKennedy, Maura.42uhttp://www.loc.gov/catdir/bios/wiley045/2002110275.html42uhttp://www.loc.gov/catdir/description/wiley039/2002110275.html41uhttp://www.loc.gov/catdir/toc/wiley031/2002110275.html